000
00306nam a2200121Ia 4500
008
220216s9999 xx 000 0 und d
100
_a
Khoo T C
245
2
_a
A New process for skim rubber production
650
_a
Skim rubber production
700
_a
Abdul Rahman Rais
700
_a
Pmg C O
942
_c
JS
999
_c
53444
_d
53444